| 000 | 00857nam a22002417a 4500 | ||
|---|---|---|---|
| 005 | 20170124110256.0 | ||
| 010 | _aA-905548 | ||
| 020 |
_a8173610525 _c150.00 |
||
| 035 | _aA-905548 | ||
| 037 | _aCen Lib/Ret | ||
| 040 |
_aDPL _bEN |
||
| 082 |
_a000 _bBIS |
||
| 245 |
_aConcise handbook of current events : _bnational and international 1998-99 / _cContributed by Pushpa Bisht Sinha, Sanjay Sinha [and] R. S. Bisht ; |
||
| 260 |
_aNew Delhi _bJawahar Publishers & Distributors _c1999 |
||
| 270 |
_a15, DDA Market, Ber Sarai Opp JNU Old Campus _bNew Delhi _e110016 |
||
| 300 |
_avarious pages. : _c24cm(Hb) |
||
| 650 |
_aGeneral knowledge _vGuidebook _924 |
||
| 650 |
_aReasoning _9117482 |
||
| 700 |
_aSinha, Pushpa Bisht _9117483 |
||
| 700 |
_aSinha, Sujay _9117484 |
||
| 700 |
_aBisht, R. S. _918773 |
||
| 942 |
_2ddc _cEN _h000 _mBIS |
||
| 999 |
_c136226 _d136226 |
||